1127 1011 1824 1455 1536 1441 1594 1675 1938 1276 1980 1308 1812 1477 1164 1594 1540 1889 1274 1906 1011 1491 1557 1652 1033 1936 1347 1496 1262 1884 1675 1718 1083 1579 1951 1168 1831 1568 1825 1883 1148 1872 1061 1655 1341 1750 1016 1230 1073 1458 1293 1986 1285 1512 1773 1969 1213 1416 1208 1599 1610 1565 1816 1727 1604 1914 1811 1020 1453 1205 1928 1146 1014 1416 1634 1773 1363 1871 1132 1069 1782 1633 1882 1687 1187 1560 1067 1256 1270 1305 1687 1148 1416 1230 1616 1284 1281 1989 1572 BCNSPRNW ULIB Ver.6.0+V

เปลี่ยนเป็นภาษาไทย

Change to English
 แสดงรายละเอียดบรรณานุกรม
  กลับหน้าหลัก

Brief Record : Get Marc (ISO 2709) : E-mail record : QR code < ปิดหน้าต่าง
LEADER : 00000nam 2200000uu 4500
001    13399110947
003     ULIB
008    110614s||||||||th 000 0 tha d
020    9749441834
020    9789749441831
050  4 DS586^bพ456พ 2549
100 0  พลาดิศัย สิทธิธัญกิจ
245 10 พระราชพิธีมหามงคล /^cพลาดิศัย สิทธิธัญกิจ
250    พิมพ์ครั้งที่ 1
260    กรุงเทพฯ :^bกู๊ดมอร์นิ่ง,^c2549
300    223 หน้า :^bภาพประกอบ ;^c22 ซม.
500    ชื่อเรื่องจากปก
600 07 ภูมิพลอดุลยเดช,^cพระบาทสมเด็จพระปรมินทรมหา,^d2470-^xพระราชกรณียกิจ
650  7 พิธีทางศาสนาและพิธีกรรม^zไทย
945    ^p175^l0^i019815
995    ทศพร
999 ^a ใช้งานได้ทุกระบบ
รายการนี้ยังไม่มีแท็ก
คุณยังไม่ได้ล็อกอิน คุณสามารถมีกิจกรรมร่วมกับเว็บไซต์ได้ แต่ต้องล็อกอินก่อน ::
  ล็อกอิน

รายการสื่อสารสนเทศ

ลำดับที่ ประเภท เลขเรียก/บาร์โค้ด สถานที่ สถานะ
- ไม่พบข้อมูล -

รายการใกล้เคียง
    ผู้แต่ง [พลาดิศัย สิทธิธัญกิจ]

BibComment


ยังไม่เคยถูกคอมเมนท์

คอมเมนท์ทรัพยากรรายการนี้
  คอมเมนท์: พระราชพิธีมหามงคล..


 Copyright 2026. Bcnsprnw @Library